[Event "Sparkassen-Open A"]
[Site "Heusenstamm, Martinsee"]
[Date "2019.11.24"]
[Round "6.72"]
[White "Kürschner, Matthias"]
[Black "Kemper, Yannick"]
[Result "1-0"]
[WhiteElo "1993"]
[BlackElo "1808"]
[PlyCount "85"]
[EventDate "2019.??.??"]
[WhiteTeam "SK Langen"]
[BlackTeam "SK Ludwigshafen"]

1. e4 c5 2. c4 Nc6 3. Ne2 Nf6 4. Nbc3 e6 5. d4 cxd4 6. Nxd4 Bb4 7. Nxc6 bxc6 8.
Bd3 e5 9. Bd2 O-O 10. O-O d6 11. a3 Bc5 12. b4 Bd4 13. Rc1 Be6 14. Ne2 c5 15.
Nxd4 exd4 16. Bf4 Nd7 17. Bxd6 Re8 18. bxc5 Rc8 19. Bc2 Bxc4 20. Re1 Nxc5 21.
Qxd4 Ne6 22. Qd1 Bb3 23. e5 Bxc2 24. Rxc2 Rxc2 25. Qxc2 Nd4 26. Qc5 Qb6 27.
Qxb6 axb6 28. Rb1 Rc8 29. g3 Rc6 30. Kg2 f6 31. Bb8 fxe5 32. Bxe5 Nc2 33. Rb3
Rc5 34. f4 Ra5 35. Rxb6 Rxa3 36. Rb7 Ne3+ 37. Kh3 Nf5 38. Kg2 h5 39. Rb5 g6 40.
Rb7 Ne3+ 41. Kh3 Nf5 42. Rb6 Kh7 43. Rb8 1-0

[Event "Sparkassen-Open A"]
[Site "Heusenstamm, Martinsee"]
[Date "2019.11.24"]
[Round "6.73"]
[White "Rempe, Jonas"]
[Black "Gentner, Markus"]
[Result "0-1"]
[WhiteElo "1854"]
[BlackElo "1979"]
[PlyCount "54"]
[EventDate "2019.??.??"]
[WhiteTeam "SK Doppelbauer Kiel"]
[BlackTeam "SC Murrhardt"]

1. e4 c6 2. d4 d5 3. Nd2 dxe4 4. Nxe4 Nf6 5. Nxf6+ exf6 6. c3 Bd6 7. Bd3 O-O 8.
Qc2 Re8+ 9. Ne2 h5 10. h4 Na6 11. Be3 Nc7 12. O-O-O Nd5 13. Bd2 Bg4 14. f3 Be6
15. c4 Ne7 16. Nc3 Rc8 17. Ne4 b5 18. c5 Bc7 19. Be1 Nd5 20. Bd2 a5 21. Rdg1
Nb4 22. Bxb4 axb4 23. Qf2 Bf4+ 24. Kb1 Bxa2+ 25. Kxa2 Qa5+ 26. Kb1 b3 27. Nd2
Bxd2 0-1

[Event "Sparkassen-Open A"]
[Site "Heusenstamm, Martinsee"]
[Date "2019.11.24"]
[Round "6.74"]
[White "Huck, Robert"]
[Black "Haack, Kevin"]
[Result "0-1"]
[WhiteElo "1832"]
[BlackElo "1978"]
[PlyCount "86"]
[EventDate "2019.??.??"]
[WhiteTeam "SC Königsspringer Alzenau"]
[BlackTeam "SC Bad Soden"]

1. e4 c5 2. Nf3 d6 3. Bb5+ Nd7 4. d4 cxd4 5. Qxd4 e5 6. Qd3 a6 7. Bxd7+ Bxd7 8.
O-O Rc8 9. c4 b5 10. Na3 bxc4 11. Nxc4 Qc7 12. Na3 Qb7 13. Nc4 Qc6 14. b3 Be6
15. Nfd2 Nf6 16. Ba3 Bxc4 17. bxc4 Be7 18. Rab1 O-O 19. Rb3 Rfd8 20. Rfb1 Nd7
21. Qg3 Rc7 22. h3 Qa4 23. Qd3 Qc6 24. Qg3 h6 25. Qd3 Rcc8 26. Rb7 Rc7 27. R7b3
Qa4 28. Qd5 Nc5 29. Bxc5 Rxc5 30. Qb7 Bg5 31. Nf3 Qxc4 32. h4 Bf6 33. Nd2 Qe2
34. R3b2 Bxh4 35. Nf3 Bxf2+ 36. Kh1 Qe3 37. Rb3 Rc1+ 38. Rxc1 Qxc1+ 39. Kh2
Qf4+ 40. Kh1 Qc1+ 41. Kh2 Qc8 42. Qd5 Qg4 43. Rb7 Qh5+ 0-1

[Event "Sparkassen-Open A"]
[Site "Heusenstamm, Martinsee"]
[Date "2019.11.24"]
[Round "6.75"]
[White "Rutsatz, Mario"]
[Black "Mehlen, Theodor"]
[Result "1/2-1/2"]
[WhiteElo "1978"]
[BlackElo "1839"]
[PlyCount "106"]
[EventDate "2019.??.??"]
[WhiteTeam "SF Frankfurt"]
[BlackTeam "SC Matt im Park"]

1. e4 c5 2. Nc3 a6 3. a4 g6 4. g3 Bg7 5. Bg2 d6 6. d3 Nc6 7. Nge2 Nf6 8. O-O
O-O 9. f4 Qc7 10. h3 b6 11. e5 Ne8 12. Nd5 Qb7 13. Nxe7+ Qxe7 14. Bxc6 Ra7 15.
exd6 Nxd6 16. Bg2 Re8 17. Nc3 Nf5 18. Nd5 Qd6 19. Kh2 Be6 20. c4 Bxd5 21. Bxd5
Rae7 22. Be4 Nd4 23. f5 gxf5 24. Bf4 Qd7 25. Bd5 Re2+ 26. Kh1 Qe7 27. Rb1 Qf6
28. b4 cxb4 29. Rxb4 Qg6 30. g4 Be5 31. Qc1 fxg4 32. Bxe5 Nf3 33. Bxf3 R8xe5
34. Rg1 gxf3 35. Rxg6+ hxg6 36. Rb1 f2 37. Qf1 Re1 38. Kg2 Rg5+ 39. Kxf2 Rxf1+
40. Kxf1 Ra5 41. Rxb6 Rxa4 42. Ke2 Kf8 43. Rb7 Ke8 44. Ke3 Ra1 45. Kd4 f5 46.
c5 f4 47. Ke4 g5 48. Rg7 Re1+ 49. Kd5 f3 50. c6 f2 51. c7 Rc1 52. Ke6 Re1+ 53.
Kd6 Rc1 1/2-1/2

[Event "Sparkassen-Open A"]
[Site "Heusenstamm, Martinsee"]
[Date "2019.11.24"]
[Round "6.76"]
[White "Körbel, Ekkehard"]
[Black "Ermitsch, Magnus"]
[Result "0-1"]
[WhiteElo "1827"]
[BlackElo "1881"]
[PlyCount "78"]
[EventDate "2019.??.??"]
[WhiteTeam "SK Geisenheim"]
[BlackTeam "Borussia Lichtenberg"]

1. e4 c5 2. Nc3 a6 3. g3 b5 4. Bg2 Bb7 5. d3 e6 6. Qe2 Nc6 7. f4 Nd4 8. Qf2 Qa5
9. Be3 Rc8 10. Bxd4 cxd4 11. Qxd4 b4 12. Nce2 Rxc2 13. b3 Nf6 14. Qe5 Qxe5 15.
fxe5 Ng4 16. Nf3 Rc5 17. Rc1 Nxe5 18. Nxe5 Rxe5 19. d4 Rb5 20. Kf2 Be7 21. e5
Bxg2 22. Kxg2 Bd8 23. g4 Ke7 24. Kf3 f6 25. Ke4 Bb6 26. Rc4 Ba7 27. Rd1 fxe5
28. d5 exd5+ 29. Rxd5 Rxd5 30. Kxd5 a5 31. Kxe5 Rf8 32. h4 Rf2 33. Re4 d6+ 34.
Kd5+ Kd7 35. h5 Rf1 36. Kc4 Ra1 37. Rf4 Kc6 38. Rf7 Rd1 39. Nf4 Rd4# 0-1

[Event "Sparkassen-Open A"]
[Site "Heusenstamm, Martinsee"]
[Date "2019.11.24"]
[Round "6.77"]
[White "Viol, Julius"]
[Black "Kalepky, Helmut"]
[Result "0-1"]
[WhiteElo "1782"]
[BlackElo "1973"]
[PlyCount "84"]
[EventDate "2019.??.??"]
[WhiteTeam "FC Bierstadt"]
[BlackTeam "SF Heidesheim"]

1. d4 Nf6 2. c4 e6 3. Nc3 Bb4 4. Qc2 d5 5. a3 Bxc3+ 6. Qxc3 Ne4 7. Qc2 Nc6 8.
e3 e5 9. f3 Nf6 10. cxd5 Qxd5 11. Bc4 Qd6 12. dxe5 Nxe5 13. Bd2 Qb6 14. Be2 Be6
15. Nh3 Ng6 16. b4 Nd5 17. Qc1 Nh4 18. Rg1 Bxh3 19. gxh3 Nf4 20. Rg4 Nxf3+ 21.
Kf2 Nxe2 22. Re4+ Kf8 23. Kxe2 Nxd2 24. Qxd2 Qa6+ 25. Ke1 Qg6 26. Rg4 Qf6 27.
Rd1 Re8 28. Rd4 g6 29. Rd7 Qe5 30. Qd4 Qxe3+ 31. Qxe3 Rxe3+ 32. Kf2 Re7 33.
Rd8+ Kg7 34. R1d7 Rxd7 35. Rxd7 Rc8 36. Kf3 Kf6 37. Kg4 h5+ 38. Kf4 Ke6 39. Rd3
c5 40. Kg5 c4 41. Re3+ Kd5 42. Re7 c3 0-1

[Event "Sparkassen-Open A"]
[Site "Heusenstamm, Martinsee"]
[Date "2019.11.24"]
[Round "6.78"]
[White "Schubert, Nikita"]
[Black "Schellenberger, Dirk"]
[Result "1/2-1/2"]
[WhiteElo "1965"]
[BlackElo "1659"]
[PlyCount "87"]
[EventDate "2019.??.??"]
[WhiteTeam "ESV Gera"]
[BlackTeam "Aschaffenburg-Schweinheim"]

1. d4 Nf6 2. c4 c5 3. Nf3 e6 4. g3 b6 5. d5 exd5 6. cxd5 d6 7. Nc3 Bf5 8. Bg2
Nbd7 9. O-O Ne4 10. Nd2 Nxc3 11. bxc3 Be7 12. e4 Bg6 13. f4 f5 14. e5 b5 15.
exd6 Bf6 16. Qe2+ Kf8 17. Nf3 Bh5 18. Qc2 Bxf3 19. Rxf3 g6 20. Rb1 a6 21. c4
Qb6 22. Bb2 Qxd6 23. Re3 Re8 24. Rxe8+ Kxe8 25. Re1+ Kf7 26. Re6 Qb8 27. Bxf6
Nxf6 28. cxb5 Qxb5 29. Qc3 Qb1+ 30. Re1 Qb4 31. Qe5 Re8 32. Qc7+ Kf8 33. Qd6+
Kf7 34. Rxe8 Qd4+ 35. Kf1 Kxe8 36. Qe6+ Kf8 37. h3 Qa1+ 38. Kf2 Qd4+ 39. Kf1
Qd1+ 40. Kf2 Qd4+ 41. Kf1 Nh5 42. Qd6+ Kg7 43. Qe7+ Kg8 44. Qe8+ 1/2-1/2

[Event "Sparkassen-Open A"]
[Site "Heusenstamm, Martinsee"]
[Date "2019.11.24"]
[Round "6.79"]
[White "Karl, Florian"]
[Black "Kuhn, Gerhard"]
[Result "0-1"]
[WhiteElo "1739"]
[BlackElo "1963"]
[PlyCount "132"]
[EventDate "2019.??.??"]
[WhiteTeam "SK Langen"]
[BlackTeam "SK Marburg"]

1. d4 Nf6 2. c4 g6 3. Nc3 d5 4. cxd5 Nxd5 5. e4 Nxc3 6. bxc3 c5 7. Nf3 Bg7 8.
Be2 O-O 9. O-O cxd4 10. cxd4 Nc6 11. Bb2 Bg4 12. e5 Qd7 13. h3 Bf5 14. Qd2 Rfd8
15. Rfd1 Be4 16. Qe3 Bd5 17. Bb5 a6 18. Bxc6 Qxc6 19. Rac1 Qb6 20. Ba3 Rd7 21.
Bc5 Qd8 22. Nd2 b6 23. Ba3 Rc8 24. Rxc8 Qxc8 25. Rc1 Rc7 26. Rxc7 Qxc7 27. Nb3
f6 28. exf6 Bxf6 29. Qd3 a5 30. Qd2 Qc6 31. Qe3 Bxg2 32. Bxe7 Bxe7 33. Qxe7
Bxh3 34. Qg5 Qd7 35. Kh2 Bf5 36. Qe3 Qe6 37. Qc3 Qe4 38. Qc7 Qh4+ 39. Kg2 Qg4+
40. Kh2 Qh4+ 41. Kg2 Be4+ 42. Kf1 Qh1+ 43. Ke2 Qf3+ 44. Ke1 Qf6 45. Qc8+ Kf7
46. Qc7+ Qe7 47. Qf4+ Kg7 48. Kd2 Bf5 49. Nc1 Qb4+ 50. Kd1 Qc4 51. Qe5+ Kf7 52.
Nb3 Qf1+ 53. Kd2 Qxf2+ 54. Kd1 Qc2+ 55. Ke1 Qb1+ 56. Kf2 Qxa2+ 57. Kg1 Qxb3 58.
Qc7+ Ke8 59. Qb8+ Ke7 60. Qc7+ Bd7 61. Qe5+ Qe6 62. Qg7+ Kd8 63. Qxh7 Qg4+ 64.
Kf2 Qxd4+ 65. Kf3 Qg4+ 66. Ke3 Qh3+ 0-1

[Event "Sparkassen-Open A"]
[Site "Heusenstamm, Martinsee"]
[Date "2019.11.24"]
[Round "6.80"]
[White "Rüll, Michael"]
[Black "Zimmer, Gerald"]
[Result "0-1"]
[WhiteElo "1742"]
[BlackElo "1958"]
[PlyCount "82"]
[EventDate "2019.??.??"]
[WhiteTeam "SC Obertshausen"]
[BlackTeam "SC Bergen-Enkheim"]

1. d4 e6 2. Nf3 Nf6 3. Bf4 c5 4. e3 Qb6 5. Nc3 d5 6. Nb5 Na6 7. c3 Bd7 8. a4 c4
9. b3 Qa5 10. Nd2 cxb3 11. Nxb3 Qb6 12. Bd3 Be7 13. O-O O-O 14. Nd2 Rfc8 15.
Qe2 Bc6 16. Rfc1 Qd8 17. Qf3 Qd7 18. Qh3 g6 19. Nf3 Nh5 20. Be5 f6 21. g4 Ng7
22. Bg3 Ne8 23. Nh4 Bd6 24. Bxd6 Nxd6 25. Nxd6 Qxd6 26. f4 Kg7 27. Rf1 Bd7 28.
f5 exf5 29. gxf5 g5 30. Nf3 h6 31. e4 dxe4 32. Bxe4 Rxc3 33. Bxb7 Rb8 34. Bxa6
Qxa6 35. Rae1 Qd6 36. Qh5 Bxf5 37. Kh1 Bg6 38. Qh3 Rbb3 39. Rc1 Be4 40. Rxc3
Rxc3 41. Qg2 Bd5 0-1

[Event "Sparkassen-Open A"]
[Site "Heusenstamm, Martinsee"]
[Date "2019.11.24"]
[Round "6.81"]
[White "Lehmann, Tim"]
[Black "Michels, Holger"]
[Result "1/2-1/2"]
[WhiteElo "1955"]
[BlackElo "1798"]
[PlyCount "28"]
[EventDate "2019.??.??"]
[WhiteTeam "SV Lahn Limburg"]
[BlackTeam "SC ML Kastellaun"]

1. d4 Nf6 2. Bf4 c5 3. d5 b5 4. a4 b4 5. f3 d6 6. e4 g6 7. Nd2 Bg7 8. Bb5+ Bd7
9. Bxd7+ Nbxd7 10. Nc4 Nh5 11. Bc1 Ne5 12. Nxe5 dxe5 13. Ne2 e6 14. O-O O-O
1/2-1/2

[Event "Sparkassen-Open A"]
[Site "Heusenstamm, Martinsee"]
[Date "2019.11.24"]
[Round "6.82"]
[White "Wachsmann, Elmar"]
[Black "Berkes, Alexander"]
[Result "0-1"]
[WhiteElo "1777"]
[BlackElo "1833"]
[PlyCount "116"]
[EventDate "2019.??.??"]
[WhiteTeam "SC Groß-Umstadt"]
[BlackTeam "SK Langen"]

1. d4 Nf6 2. c4 g6 3. Nc3 Bg7 4. e4 d6 5. Nf3 O-O 6. Be2 e5 7. d5 Nbd7 8. Bg5
h6 9. Bh4 g5 10. Bg3 Nc5 11. Nd2 a5 12. h4 g4 13. h5 Kh8 14. f3 gxf3 15. gxf3
Nh7 16. Qc2 f5 17. Bh4 Bf6 18. Bxf6+ Qxf6 19. exf5 Ng5 20. O-O-O Bxf5 21. Nce4
Bxe4 22. fxe4 Qf4 23. Kb1 Ngxe4 24. Nxe4 Qxe4 25. Rhg1 Qxc2+ 26. Kxc2 Rf2 27.
Kd2 Rg8 28. Rxg8+ Kxg8 29. Rg1+ Kf7 30. Ke3 Rf4 31. Rg6 Rf6 32. Rg2 Rf5 33. Rg6
Rg5 34. Rxh6 Kg7 35. Rg6+ Rxg6 36. hxg6 Kxg6 37. Bd1 Kg5 38. Bc2 Kg4 39. b3 Nd7
40. a3 Nf6 41. b4 axb4 42. axb4 Kg3 43. Bb3 Ng4+ 44. Ke4 Nh6 45. Ke3 Nf5+ 46.
Ke4 Nd4 47. Ba4 Kf2 48. Kd3 Ne2 49. Kd2 e4 50. Bd1 Nf4 51. Bg4 e3+ 52. Kc3 e2
53. Bxe2 Kxe2 54. Kd4 Kd2 55. c5 Kc2 56. b5 b6 57. cxb6 cxb6 58. Ke4 Kc3 0-1

[Event "Sparkassen-Open A"]
[Site "Heusenstamm, Martinsee"]
[Date "2019.11.24"]
[Round "6.83"]
[White "Modric, Vladimir"]
[Black "Füssel, Jan Michael"]
[Result "1-0"]
[WhiteElo "1930"]
[BlackElo "1792"]
[PlyCount "80"]
[EventDate "2019.??.??"]
[WhiteTeam "SC Nied"]
[BlackTeam "VSG Offenbach"]

1. e4 c5 2. d3 e6 3. Nf3 d5 4. Nbd2 Nf6 5. Be2 Be7 6. O-O O-O 7. Re1 Nc6 8. c3
d4 9. cxd4 Nxd4 10. Nxd4 cxd4 11. f4 Nd7 12. Bf3 e5 13. Nc4 f6 14. a4 Qc7 15.
g3 Nb6 16. Nxb6 Qxb6 17. a5 Qb5 18. f5 Bd7 19. g4 Rfc8 20. Re2 Rc7 21. Rg2 Rac8
22. h4 Qc6 23. Qb3+ Kf8 24. g5 Bxf5 25. gxf6 Bxf6 26. Bg5 Be6 27. Qb4+ Qc5 28.
Qe1 Qe7 29. Bd1 Kg8 30. Ba4 a6 31. Qd2 Rf8 32. Rf1 Bh3 33. Bxf6 Rxf6 34. Rxf6
Qxf6 35. Bb3+ Kh8 36. Rf2 Qd6 37. Qg5 h6 38. Qh5 Qb4 39. Qe8+ Kh7 40. Bg8+ Kh8
1-0

[Event "Sparkassen-Open A"]
[Site "Heusenstamm, Martinsee"]
[Date "2019.11.24"]
[Round "6.85"]
[White "Browning, Rebecca"]
[Black "Midanka, Vladimir Josef"]
[Result "1-0"]
[WhiteElo "1895"]
[BlackElo "1775"]
[PlyCount "41"]
[EventDate "2019.??.??"]
[WhiteTeam "MS Halver-Schalksmühle"]
[BlackTeam "SC Brett vorm Kopp"]

1. e4 c5 2. c3 Nc6 3. Nf3 e5 4. d4 cxd4 5. cxd4 Bb4+ 6. Nc3 exd4 7. Nxd4 Bxc3+
8. bxc3 Qa5 9. Bd2 Nf6 10. Bd3 Ne5 11. Bc2 Nc4 12. O-O Nxd2 13. Qxd2 O-O 14. f4
d5 15. exd5 Qxd5 16. Rae1 Qd6 17. Qd3 Rd8 18. Re3 Bd7 19. Rd1 Bc6 20. Nxc6 Qxc6
21. Qxd8+ 1-0

[Event "Sparkassen-Open A"]
[Site "Heusenstamm, Martinsee"]
[Date "2019.11.24"]
[Round "6.86"]
[White "Buchholz, Maja"]
[Black "Ahmad, Momin"]
[Result "1-0"]
[WhiteElo "1552"]
[BlackElo "1918"]
[PlyCount "141"]
[EventDate "2019.??.??"]
[WhiteTeam "SK Langen"]
[BlackTeam "SK Ottenau"]

1. c4 c5 2. g3 Nf6 3. Bg2 d5 4. cxd5 Nxd5 5. Nc3 Nc7 6. Nf3 Nc6 7. O-O e5 8. a3
Be7 9. b4 f6 10. b5 Nd4 11. a4 O-O 12. Ba3 Rb8 13. e3 Nde6 14. Qc2 b6 15. Rad1
Bb7 16. Rfe1 Re8 17. Ne4 f5 18. Nc3 e4 19. Ne5 Bf6 20. Nc6 Bxc6 21. bxc6 Qc8
22. Nb5 Nxb5 23. axb5 a6 24. Bf1 axb5 25. Bxb5 Qc7 26. d3 Ng5 27. Qb3+ Kh8 28.
Re2 Nf3+ 29. Kg2 exd3 30. Rxd3 Ne5 31. Rd7 Nxd7 32. cxd7 Red8 33. Rd2 Rb7 34.
Rd5 Ra7 35. Bc1 Ra5 36. Bd2 c4 37. Qb1 Qb7 38. e4 Ra1 39. Qc2 fxe4 40. Qxe4 h6
41. Qe8+ Kh7 42. Bxc4 Ra3 43. Qe4+ Kh8 44. f3 Raa8 45. Bd3 Kg8 46. Qe6+ Kh8 47.
Bxh6 Qxd5 48. Bxg7+ Kxg7 49. Qxd5 Rab8 50. Bb5 Be7 51. Qe5+ Bf6 52. Qe6 Rf8 53.
Qg4+ Kh8 54. Bd3 Rf7 55. Qh5+ Kg7 56. Bh7 Rh8 57. Qg6+ Kf8 58. Qxf6 Rxf6 59.
d8=Q+ Kg7 60. Qc7+ Rf7 61. Qxb6 Kxh7 62. Qe6 Kg7 63. h4 Rf6 64. Qe5 Rhf8 65. g4
Kh7 66. Qe4+ Kg7 67. Kg3 R8f7 68. g5 Rf5 69. Kg4 Ra5 70. Qd4+ Kh7 71. Qd3+ 1-0

[Event "Sparkassen-Open A"]
[Site "Heusenstamm, Martinsee"]
[Date "2019.11.24"]
[Round "6.87"]
[White "Kolker, Vladislav"]
[Black "Nickel, Jonas"]
[Result "0-1"]
[WhiteElo "1911"]
[BlackElo "1765"]
[PlyCount "36"]
[EventDate "2019.??.??"]
[WhiteTeam "SC Bad Nauheim"]
[BlackTeam "SV Büdingen-Ortenberg"]

1. e4 c5 2. Nf3 g6 3. d4 cxd4 4. Nxd4 Bg7 5. Nc3 Nc6 6. Be3 Nf6 7. f3 O-O 8. g4
Qb6 9. Rb1 d5 10. Nf5 d4 11. Nxd4 Rd8 12. g5 Nxd4 13. gxf6 Nxc2+ 14. Qxc2 Qxe3+
15. Qe2 Qxe2+ 16. Bxe2 Bxf6 17. O-O Rd2 18. Rfd1 Bxc3 0-1

[Event "Sparkassen-Open A"]
[Site "Heusenstamm, Martinsee"]
[Date "2019.11.24"]
[Round "6.88"]
[White "Eurich, Jannik"]
[Black "Steinke, Hans-Jörg"]
[Result "1-0"]
[WhiteElo "1859"]
[BlackElo "1753"]
[PlyCount "53"]
[EventDate "2019.??.??"]
[WhiteTeam "SK Langen"]
[BlackTeam "SV Datteln"]

1. e4 e6 2. d4 d5 3. Nd2 Nf6 4. e5 Nfd7 5. Bd3 c5 6. c3 Nc6 7. Ngf3 Be7 8. O-O
O-O 9. Re1 cxd4 10. cxd4 Re8 11. Nf1 Nf8 12. Ng3 Bd7 13. Bd2 Rc8 14. Rc1 Nb4
15. Bb1 Rxc1 16. Bxc1 Bb5 17. a3 Nc6 18. b4 a6 19. Be3 Nb8 20. Nd2 Nbd7 21. f4
Nb6 22. Qg4 Bd7 23. f5 exf5 24. Bxf5 Bxf5 25. Nxf5 Ne6 26. Nh6+ Kf8 27. Rf1 1-0

[Event "Sparkassen-Open A"]
[Site "Heusenstamm, Martinsee"]
[Date "2019.11.24"]
[Round "6.89"]
[White "Stock, Jürgen"]
[Black "Westhof, Benedikt"]
[Result "0-1"]
[WhiteElo "1895"]
[BlackElo "1753"]
[PlyCount "76"]
[EventDate "2019.??.??"]
[WhiteTeam "Sfr. Kelkheim"]
[BlackTeam "SC Heusenstamm"]

1. d4 Nf6 2. c3 d5 3. e3 Bf5 4. Nd2 e6 5. f4 c5 6. Ngf3 Nc6 7. Be2 Ne4 8. O-O
Be7 9. Ne5 Nxe5 10. fxe5 Qd7 11. a4 c4 12. Nxe4 Bxe4 13. b3 Rc8 14. Rf4 Bg6 15.
bxc4 dxc4 16. Qf1 Qc7 17. h4 O-O 18. e4 f6 19. h5 fxe5 20. dxe5 Bxe4 21. Rxe4
Rxf1+ 22. Bxf1 Bc5+ 23. Kh2 Qf7 24. Be2 Bb6 25. a5 Bd8 26. Be3 b5 27. axb6 Bxb6
28. Rf1 Qb7 29. Rxc4 Bxe3 30. Bg4 Re8 31. Rd1 Qb5 32. Re4 Bc5 33. c4 Qb6 34.
Re2 a5 35. Rdd2 a4 36. Rb2 Qc7 37. Bf3 Rb8 38. Bg4 Rxb2 0-1

[Event "Sparkassen-Open A"]
[Site "Heusenstamm, Martinsee"]
[Date "2019.11.24"]
[Round "6.90"]
[White "Bashylina, Luisa"]
[Black "Werner, Rosalie"]
[Result "1-0"]
[WhiteElo "1868"]
[BlackElo "1592"]
[PlyCount "119"]
[EventDate "2019.??.??"]
[WhiteTeam "SG Solingen"]
[BlackTeam "VSG Offenbach"]

1. e4 e6 2. d4 d5 3. Nd2 Nf6 4. e5 Nfd7 5. f4 c5 6. c3 Nc6 7. Ndf3 cxd4 8. cxd4
f6 9. Bd3 Qb6 10. Ne2 Be7 11. a3 O-O 12. Qc2 f5 13. O-O Qc7 14. b4 a6 15. Bd2
Nb6 16. a4 Qb8 17. a5 Nd7 18. Rfb1 Qc7 19. h3 Rf7 20. Ng5 Bxg5 21. fxg5 Nf8 22.
b5 axb5 23. Bxb5 Bd7 24. a6 bxa6 25. Rc1 Rc8 26. Bxa6 Ra8 27. Rcb1 Be8 28. Bb5
Rxa1 29. Rxa1 Qb6 30. Qc5 Rb7 31. Ba4 Qb2 32. Qc3 Qxc3 33. Nxc3 Rb8 34. Be3 Ra8
35. Rb1 Na5 36. Bc2 Rc8 37. Bd2 Rc4 38. Nb5 Rxc2 39. Bxa5 Bxb5 40. Rxb5 Ra2 41.
Bb4 Ra8 42. Rb6 Re8 43. Kf2 Kf7 44. Rb7+ Kg8 45. Kf3 Ng6 46. g4 Kh8 47. Kg3
fxg4 48. Kxg4 Kg8 49. h4 h5+ 50. Kxh5 Nf4+ 51. Kg4 Ne2 52. Bc5 g6 53. Rb2 Nc3
54. h5 gxh5+ 55. Kxh5 Na4 56. Rb7 Nxc5 57. dxc5 Rc8 58. Kg6 Kf8 59. Kh7 Rxc5
60. g6 1-0

[Event "Sparkassen-Open A"]
[Site "Heusenstamm, Martinsee"]
[Date "2019.11.24"]
[Round "6.91"]
[White "Zhou, David"]
[Black "Perez Valero, Rodrigo Gael"]
[Result "0-1"]
[WhiteElo "2141"]
[BlackElo "1551"]
[PlyCount "158"]
[EventDate "2019.??.??"]
[WhiteTeam "Quebec"]
[BlackTeam "VSG Offenbach"]

1. c4 c5 2. g3 g6 3. Bg2 Bg7 4. Nc3 Nc6 5. Nf3 Nf6 6. d4 d6 7. d5 Na5 8. Nd2
Bd7 9. a3 b6 10. Rb1 Bh6 11. f4 Ng4 12. e4 Ne3 13. Qe2 Nxg2+ 14. Qxg2 Bg7 15.
O-O Qc8 16. Qe2 Bh3 17. Re1 Bg4 18. Qd3 Bd4+ 19. Kg2 Bh3+ 20. Kh1 h5 21. Nf3 h4
22. Nxd4 hxg3 23. Nf3 Bg4 24. f5 Nxc4 25. Bf4 gxf5 26. Bxg3 Bxf3+ 27. Qxf3 Nd2
28. Qe2 Nxb1 29. exf5 Qb7 30. Rxb1 O-O-O 31. Re1 Rdg8 32. Kg1 Re8 33. Qg2 Qd7
34. Qf3 Qb7 35. Re3 b5 36. Qe2 a6 37. Ne4 Reg8 38. Nc3 Kd8 39. Qd3 Qd7 40. Rf3
Rg4 41. Ne2 Qb7 42. f6 Rh6 43. Qf5 Rgg6 44. fxe7+ Qxe7 45. Nf4 Qe1+ 46. Rf1
Qe3+ 47. Kg2 Rxh2+ 48. Kxh2 Qxg3+ 49. Kh1 Rh6+ 50. Nh5 Qh4+ 51. Kg2 Rxh5 52.
Qf6+ Qxf6 53. Rxf6 Ke7 54. Rf2 Rxd5 55. Kf1 Re5 56. Rh2 Kd7 57. Rh7 Re7 58. Kf2
a5 59. Kf3 b4 60. a4 c4 61. Rh8 d5 62. Rh6 Re6 63. Rh7 c3 64. bxc3 bxc3 65.
Rxf7+ Kc6 66. Rf8 Kc5 67. Rc8+ Kb4 68. Kg4 d4 69. Kf5 Re1 70. Kf4 d3 71. Kf3 d2
72. Kf2 Re7 73. Kg2 d1=Q 74. Rb8+ Kxa4 75. Rb6 Qg4+ 76. Kf1 Qf4+ 77. Kg2 Rg7+
78. Rg6 Rxg6+ 79. Kh1 Qh4# 0-1

[Event "Sparkassen-Open A"]
[Site "Heusenstamm, Martinsee"]
[Date "2019.11.24"]
[Round "6.92"]
[White "Mueller, Thorsten"]
[Black "Eg, Karlheinz"]
[Result "1-0"]
[WhiteElo "2053"]
[BlackElo "1861"]
[PlyCount "41"]
[EventDate "2019.??.??"]
[WhiteTeam "VSG Offenbach"]
[BlackTeam "SV Rüsselsheim"]

1. d4 Nf6 2. Nf3 g6 3. Bf4 Bg7 4. e3 d5 5. Be2 c5 6. c3 cxd4 7. exd4 Nc6 8. O-O
O-O 9. h3 Bf5 10. Re1 Rc8 11. Nbd2 Re8 12. Bf1 Ne4 13. Nxe4 Bxe4 14. Ng5 Bf5
15. g4 Bd7 16. Qb3 h6 17. Nf3 Qb6 18. Qxd5 Qxb2 19. Rab1 Be6 20. Qxe6 Qxb1 21.
Qxc8 1-0

[Event "Sparkassen-Open A"]
[Site "Heusenstamm, Martinsee"]
[Date "2019.11.24"]
[Round "6.93"]
[White "Reinhard, Stefan"]
[Black "Rabiya, Karim"]
[Result "1/2-1/2"]
[WhiteElo "1986"]
[BlackElo "1816"]
[PlyCount "93"]
[EventDate "2019.??.??"]
[WhiteTeam "SF Dettingen"]
[BlackTeam "SK Niederbrechen"]

1. e4 Nf6 2. e5 Nd5 3. d4 d6 4. Bb5+ Bd7 5. Bxd7+ Qxd7 6. Nf3 g6 7. O-O Bg7 8.
Re1 O-O 9. c4 Nb6 10. b3 e6 11. Bb2 d5 12. c5 Nc8 13. Nbd2 b5 14. a4 a5 15.
axb5 Qxb5 16. Qe2 c6 17. Bc3 Ne7 18. Qxb5 cxb5 19. Rxa5 Rxa5 20. Bxa5 Nbc6 21.
Bc3 b4 22. Bb2 Na5 23. Ra1 Nec6 24. Kf1 h5 25. Ke2 Bh6 26. Kd3 Kg7 27. h4 Rg8
28. Rb1 Kf8 29. Kc2 Ke7 30. Nf1 Kd7 31. Bc1 Bxc1 32. Rxc1 Ra8 33. Ra1 Rb8 34.
Ng3 Kc7 35. Ne2 Kb7 36. Ne1 Ra8 37. Nd3 Nxb3 38. Rxa8 Nbxd4+ 39. Nxd4 Nxd4+ 40.
Kb2 Kxa8 41. Nxb4 Kb7 42. Kc3 Nf5 43. g3 Kc7 44. Kd3 Ne7 45. Kc3 Nf5 46. Kd3
Ne7 47. Kc3 1/2-1/2

[Event "Sparkassen-Open A"]
[Site "Heusenstamm, Martinsee"]
[Date "2019.11.24"]
[Round "6.95"]
[White "Schellen, Sven"]
[Black "Valenta, Richard"]
[Result "0-1"]
[WhiteElo "1835"]
[BlackElo "1938"]
[PlyCount "134"]
[EventDate "2019.??.??"]
[WhiteTeam "SV Frankfurt Nord"]
[BlackTeam "SC Kevelaer"]

1. d4 d5 2. c4 e6 3. Nf3 Nf6 4. g3 c6 5. Bg2 Nbd7 6. Qc2 Bb4+ 7. Nbd2 O-O 8.
O-O a5 9. e4 Nxe4 10. Nxe4 dxe4 11. Qxe4 Nf6 12. Qc2 Bd6 13. Rd1 Qe7 14. b3 h6
15. Bb2 Ra7 16. Nd2 Bd7 17. Nf1 a4 18. Ne3 Rc8 19. Re1 Bb4 20. Re2 axb3 21.
axb3 Rxa1+ 22. Bxa1 Ra8 23. Qb1 Ra3 24. Nc2 Ra6 25. Bf1 Bd6 26. c5 Bb8 27. Nb4
Ra7 28. Ra2 Rxa2 29. Qxa2 Qd8 30. Nd3 Nd5 31. Bb2 g5 32. Bc1 Kg7 33. Bd2 f6 34.
Qa1 Be8 35. Qe1 Qe7 36. Bg2 Qd7 37. Be3 Bg6 38. Nb4 Nc7 39. Qd2 Nb5 40. Bf1 Be4
41. Be2 Bc7 42. Na2 Qd5 43. Bxb5 cxb5 44. Nc3 Qxb3 45. Nxe4 Qb1+ 46. Kg2 Qxe4+
47. f3 Qc6 48. h4 g4 49. Bxh6+ Kg6 50. d5 gxf3+ 51. Kxf3 exd5 52. Bf8 d4+ 53.
Kf2 Be5 54. Qh6+ Kf5 55. Qh7+ Kg4 56. Qg6+ Kh3 57. Qf5+ Kh2 58. Bd6 Qg2+ 59.
Ke1 Qxg3+ 60. Qf2+ Qxf2+ 61. Kxf2 b4 62. Ke2 b3 63. Kd3 b2 64. Bxe5+ fxe5 65.
Kc2 e4 66. Kxb2 e3 67. Kc2 Kg2 0-1

[Event "Sparkassen-Open A"]
[Site "Heusenstamm, Martinsee"]
[Date "2019.11.24"]
[Round "6.96"]
[White "Kosak, Matjaz"]
[Black "Loriguillo, Gregorio"]
[Result "1/2-1/2"]
[WhiteElo "1791"]
[BlackElo "1870"]
[PlyCount "136"]
[EventDate "2019.??.??"]
[WhiteTeam "SV Frankfurt Nord"]
[BlackTeam "SF Vonkeln"]

1. e4 c5 2. Nc3 Nc6 3. f4 d6 4. Nf3 g6 5. Bb5 Bd7 6. Bxc6 Bxc6 7. O-O Bg7 8. d3
e6 9. Qe1 Ne7 10. Qh4 Qd7 11. Be3 O-O-O 12. d4 cxd4 13. Bxd4 Bxd4+ 14. Nxd4 d5
15. e5 Nf5 16. Qf2 Kb8 17. a4 Rc8 18. Nxf5 gxf5 19. Qd4 Rhg8 20. Rf3 b6 21. a5
Qc7 22. b4 Ba8 23. Nb5 Qxc2 24. Rf2 Qc4 25. Qxc4 dxc4 26. axb6 axb6 27. Ra7 Bc6
28. Ra6 Bxb5 29. Rxb6+ Ka7 30. Rxb5 Ka6 31. Ra5+ Kb6 32. Rd2 Rc6 33. Kf2 c3 34.
Rc2 Rgc8 35. Ke2 Rc4 36. g3 Rxb4 37. Ra3 Re4+ 38. Kf2 Rec4 39. Ke2 Kb5 40. Kd1
Kb4 41. Ra1 Rd8+ 42. Kc1 Re4 43. Rb1+ Kc4 44. Rf2 Re1+ 45. Kc2 Rxb1 46. Kxb1
Kb3 47. Kc1 Ra8 48. Kb1 c2+ 49. Rxc2 Ra1+ 50. Kxa1 Kxc2 51. Ka2 Kd3 52. Kb3 Ke3
53. Kc4 Kf3 54. Kc5 Kg2 55. Kd6 Kxh2 56. Ke7 Kxg3 57. Kxf7 h5 58. Kxe6 Kxf4 59.
Kf6 h4 60. e6 h3 61. e7 h2 62. e8=Q h1=Q 63. Qe5+ Kg4 64. Qxf5+ Kg3 65. Qg5+
Kf2 66. Qd2+ Kg3 67. Qe3+ Qf3+ 68. Qxf3+ Kxf3 1/2-1/2